00580cam a22001932 4500001001100000005001700011008004100028020002800069040001500097050002200112100002800134245009100162250001800253260003300271300001200304362001200316650002800328700003000356000000456920151217145817.0070525s xx 000 0 eng d a8127226459 :cKES 1,230 aKABUcKABU 0aHF5635b.J35 20061 aJain, S. P.@000015188010aAdvanced accountancy volume I :bprinciples of accounting /cS. P. Jain, K. L. Narang. a13th rev. ed. aNew Delhi :bKalyani,c2006. a1080 p.0 avol. I. 0aAccounting.@00001483211 aNarang, K. L.@0000155196